00357pab a2200121 454500008004000000100001700040245007700057260000900134300001100143362001500154650002400169773004200193180718b1989 xxu||||| |||| 00| 0 eng d aBrown, David aBureaucracy as an issue in Third World managementbAn African Case study c1989 a369-80 aSept.-Oct. aManagement - Africa aPublic Administration and Development